[Event "79th Tata Steel Chess 2017-Challengers"]
[Site "Wijk aan Zee"]
[Date "2017.01.14"]
[Round "1"]
[White "Ragger, Markus"]
[Black "Xiong, Jeffery"]
[Result "1-0"]
[WhiteElo "2697"]
[BlackElo "2667"]
[Annotator "Georg Meier"]
[PlyCount "81"]
[EventDate "2017.??.??"]

1. e4 c5 2. Nf3 d6 3. d4 Nf6 4. Nc3 cxd4 5. Nxd4 a6 {Markus has become quite
versatile in his White repertoire. He used to play exclusively 1. e4, but
nowadays he can pretty much play anything. Still, the next move should not
have come as a surprise to Xiong.} 6. h3 {A first in Markus's own games, but...
he started to work with Harikrishna last year and Hari has already employed 6.
h3 a couple of times! It is very important to piece such information together
and I am sure Jeffery will take this as an important lesson from this
encounter.} e5 {This has established itself as the main reply to 6.h3 although
White is precisely readying himself for the weakening of the d5 square. Just
visually speaking I always liked e7-e6 more, when the inclusion of h3 and a6
are certainly in Black's favor, especially when you think of the Keres Attack.}
7. Nde2 b5 (7... h5 {had been played by Xiong before and is clearly the main
line, but isn't it a really odd move? White´s knights are lined up to control
d5, and Black weakens the g5 square, where the c1 bishop usually appears to
support the fight for d5. You can tell I am old school, but this whole line is
clearly something special.}) 8. Ng3 {A rare move with only a few outings at
the highest level (2 out of 7 by Harikrishna!). Judging from Xiong's time
usage he was not aware of this line. White chooses a manouvering battle and
keeps the king-side a safe haven for his monarch.} (8. g4 {is the
straightforward alternative.}) 8... Qc7 (8... Bb7 {appears more natural, but}
9. Bg5 Nbd7 10. Nh5 $1 {would be quite irritating}) 9. Bd3 (9. Nh5 Nxh5 (9...
Nbd7 $142) 10. Qxh5 (10. Nd5 $142) 10... Be6 11. a4 b4 12. Nd5 Bxd5 13. exd5
Qxc2 $13 {1-0 (35) Harikrishna,P (2753)-Wojtaszek,R (2727) Huaian 2016}) 9...
Be6 (9... g6 10. O-O Bg7 11. Bg5 Nbd7 12. Re1 (12. Qd2 $142) 12... O-O 13. Nf1
b4 14. Nb1 Bb7 15. Nbd2 d5 $15 {0-1 (74) Motylev,A (2663)-Sarana,A (2457)
Tallinn 2016}) 10. O-O Nbd7 11. f4 {This introduces a very instructive
positional idea: Eventually f4-f5 will force the bishop to c4, and after its
exchange White will exploit the d5 weakness.} (11. Qf3 {is worth considering}
g6 12. Bd2 Bg7 13. b4 $1 O-O 14. a4 {leads to an advantage}) 11... Be7 12. Qf3
O-O 13. Kh1 {Useful prophylaxis} (13. f5 {is premature:} Bc4 14. Bg5 b4 15. Nd1
d5 16. Ne3 Bc5 $1) 13... Qc6 ({Knowing what happened in the game} 13... exf4
14. Bxf4 Ne5 {has to be preferred. While White does have a nice outpost on f5,
Black appears very solid after} 15. Qf2 Rfe8 16. Rad1 Bf8) 14. f5 $1 Bc4 15.
Bg5 Rac8 (15... b4 16. Nd1 d5 17. Ne3 $16) 16. Nh5 $1 {Now it is all about
removing the defenders of the d5 square.} b4 17. Bxf6 Nxf6 18. Nxf6+ Bxf6 19.
Bxc4 Qxc4 (19... bxc3 $2 20. b3 {is just winning, Black's bishop is useless.})
20. Nd5 Qxc2 21. b3 {White has achieved his strategic goal at the cost of an
unimportant pawn. Black is not lost, but he faces a difficult defensive task,
as White can choose an opportune moment to launch his attack. Black needs to
be ready for action but he cannot force it.} a5 22. Qe3 {Eyeing h6 after a
capture on f6.} Kh8 $2 {The king is not a bit safer here, it turns out that
Black had to prepare an exit in the other direction.} (22... Rfe8 $1 23. Rf2
Qc5 24. Qg3 Kf8 {would be tough to break, as Black controls the c-file and his
king can always find shelter on e7 after an exchange on f6.}) 23. Rac1 $1 {
White forces matters, as his calculations convinced him that he can start a
winning attack.} Qxa2 24. Nxf6 Rxc1 25. Rxc1 gxf6 26. Qh6 Kg8 27. Qxf6 $2 {
I am sure Markus thought he was winning here, and it's hard to blame him for
missing an impressive defensive resource.} (27. Rf1 $1 Rc8 28. Qxf6 (28. Rf3 $2
Rc3) 28... Qxb3 29. Rf3 Rc3 30. Qd8+ Kg7 31. f6+ Kg6 32. Qg8+ {mates}) 27...
Qd2 28. Rf1 Re8 $2 (28... h5 $3 29. Rf3 (29. Qh4 Qh6 30. f6 Re8 $1 31. Rf5 Re6)
29... Kh7 30. Rg3 Qh6 {the point!} 31. Qe7 a4 32. f6 Kh8 33. Rg5 Qxg5 34. Qxf8+
Qg8 {is just a draw!}) 29. Rf3 {Now the attack is irresistible} a4 30. Rg3+ Kf8
31. Qg7+ Ke7 32. f6+ Kd8 (32... Ke6 33. Qg4+ Kxf6 34. Qd7 Rf8 35. bxa4 {
And the a-pawn will be one worry too many for Black.}) 33. Qxf7 a3 {The a-pawn
alone cannot help Black.} 34. Qa7 Qc1+ 35. Kh2 Qf4 36. Qb8+ Kd7 37. Qb5+ Kd8
38. Qxb4 h5 39. Qxd6+ Kc8 40. Qc6+ Kd8 41. f7 $1 {A nice finishing touch to a
strong game by Markus! Xiong was cuaght off-balance in the opening and the
pressure turned out too much to bare. It is very difficult to catch an
unexpected defensive resource when you see your position getting worse and
worse and already understand that the day will probably end badly.} 1-0

[Event "79th Tata Steel GpA"]
[Site "Wijk aan Zee NED"]
[Date "2017.01.14"]
[Round "1.4"]
[White "Adhiban, Baskaran"]
[Black "Van Wely, Loek"]
[Result "1/2-1/2"]
[WhiteElo "2653"]
[BlackElo "2695"]
[Annotator "Sagar Shah"]
[PlyCount "121"]
[EventDate "2017.01.14"]

1. e4 c5 2. c3 $5 d5 3. exd5 Qxd5 4. d4 e6 5. Nf3 Nf6 6. Na3 Qd8 {This same
line was used by Carlsen in his game against David Smerdon in Baku Olympiad
2016. The game ended in a draw.} 7. Nc4 Be7 8. Bd3 Nbd7 9. O-O O-O 10. Bf4 $14
{White has free flowing development and is surely slightly better.} b6 11. Nd6
Nh5 12. Be5 $1 (12. Nxc8 Nxf4 13. Nxe7+ Qxe7 $11) 12... Nxe5 13. dxe5 $14 {
The knight on h5 is offside and d6 pawn doesn't hang because of Bxh7 tricks.}
Bxd6 14. exd6 Bb7 15. Re1 (15. Ne5 $6 Nf4 $15) 15... Nf6 $2 (15... g6 $14 {
The position is under control for Black.}) 16. Ne5 $1 {The knight joins into
the party.} g6 17. Bb5 (17. Bc2 $16) 17... Qc8 (17... Ne4 $1 18. Nd7 $5 a6 (
18... Re8 19. Ba4 a6 20. Ne5 Rf8 21. f3 Nxd6 22. Nd7 $16) 19. Ba4 b5 20. Nxf8
bxa4 21. Nxe6 fxe6 22. Qg4 $14) 18. Qa4 a6 19. Bf1 b5 20. Qh4 Qd8 21. Rad1 $16
{White has everything is place and is clearly for choice.} Kg7 (21... Nd5 22.
Qh6 Qxd6 23. Rd3 {is a dangerous attack brewing up.}) 22. a4 c4 23. axb5 axb5
24. b3 $1 cxb3 25. Bxb5 Nd5 26. Qd4 Qf6 27. c4 $6 (27. Rb1 Ra3 28. g3 $16 {
And White is just clearly better.}) 27... Nf4 28. Bc6 Bxc6 29. Nxc6 Qxd4 30.
Nxd4 {Black has minimized the damage but is still clearly worse.} b2 31. g3 e5
32. Nb5 Ne6 33. Rb1 (33. Rxe5 Ra1 34. Ree1 Rfa8 $132) 33... Rfc8 $2 (33... Nc5
$1 34. Red1 (34. Rxe5 Ra1 35. Ree1 Rfa8 36. Kg2 Nd3 37. Red1 Rxb1 38. Rxb1 Kf6
$15) 34... Na4 $15) 34. Rxb2 Rxc4 35. Rxe5 {White is a pawn up and Black has
no real compensation.} Ra1+ 36. Kg2 Rd1 37. h4 h5 38. Ree2 Rc5 39. Rec2 Re5 $2
(39... Rxc2 40. Rxc2 Nd4 41. Nxd4 Rxd4 42. Rc6 Kf6 $11) 40. Nc7 $1 Ree1 (40...
Rxd6 41. Ne8+ $18) 41. Rd2 Nd8 42. Nd5 Nc6 43. Ne3 (43. Nc3 $5) 43... Rg1+ 44.
Kf3 Rxd2 45. Rxd2 Kf6 46. Nd5+ (46. Nc4 Ke6 47. d7 Ke7 48. Kf4 Nd8 49. Kg5 Ne6+
50. Kh6 $16 {White is clearly pushing.}) 46... Ke6 47. Nf4+ Kd7 48. Nd3 Nd8 (
48... Kxd6 49. Nb4+ Kc5 50. Rc2+ Kxb4 51. Rxc6 $16) 49. Nc5+ Kc6 50. Ne4 Kd7
51. Nc5+ Kc6 52. Ne4 Kd7 53. Ra2 (53. Nf6+ Ke6 54. Nh7 $5) 53... Nc6 54. Rb2 f5
55. Rb7+ Ke6 56. Ng5+ Kxd6 57. Kf4 Rf1 {Black has limited the damage.} 58. Nf7+
Ke6 59. Ng5+ Kd6 60. Nf7+ Ke6 61. Ng5+ 1/2-1/2

[Event "79th Tata Steel GpA"]
[Site "Wijk aan Zee NED"]
[Date "2017.01.14"]
[Round "1.3"]
[White "Harikrishna, Pentala"]
[Black "Aronian, Levon"]
[Result "1/2-1/2"]
[WhiteElo "2766"]
[BlackElo "2780"]
[Annotator "Sagar Shah"]
[PlyCount "97"]
[EventDate "2017.01.14"]

1. e4 e5 2. Nf3 Nc6 3. Bb5 a6 4. Ba4 Nf6 5. O-O Be7 6. Re1 b5 7. Bb3 O-O 8. c3
d5 9. exd5 Nxd5 10. Nxe5 Nxe5 11. Rxe5 c6 12. d3 {This move is not replacing
the move 12.d4 in the Marshall for White to try for an advantage.} Bd6 13. Re1
Bf5 14. Qf3 Qh4 15. g3 Qh3 16. Be3 Bxd3 17. Nd2 Qf5 18. Bd4 Rfe8 19. a4 h6 20.
Kg2 Qxf3+ (20... Kf8 {was Aronian's choice against Caruana when he lost that
game.}) 21. Nxf3 Bf5 {The first new move of the game.} (21... Rac8 22. axb5
axb5 23. Nd2 (23. Kg1 Bf5 24. Ra6 Rxe1+ 25. Nxe1 Be6 26. Nd3 Bf8 27. Bc5 Bf5
$11 {1/2-1/2 (41) Leko,P (2708)-Svidler,P (2745) Reykjavik 2015}) 23... Rxe1
24. Rxe1 c5 25. Bxd5 cxd4 26. cxd4 Bb4 27. Re3 Bxd2 28. Rxd3 $16 {1-0 (51)
Saric,I (2650)-Brkic,A (2584) Mali Losinj 2016}) 22. Be5 Bc5 23. Nd4 Bd7 24.
axb5 axb5 25. Rxa8 Rxa8 26. Nxb5 $1 {White wins a pawn, but this is not going
to be enough.} Be6 27. Nd4 Bxd4 28. Bxd4 Nf4+ 29. gxf4 Bxb3 {Although this is
definitely a pleasant position for White, it is impossible to convert. The
game ended in a draw after a few moves.} 30. Kg3 f6 31. h4 h5 32. Bc5 Rd8 33.
Bd4 Ra8 34. f3 Ra2 35. Re8+ Kh7 36. Re7 Kg8 37. Re2 Kh7 38. Re7 Kg8 39. Rb7
Rxb2 40. Rb6 Kh7 41. Rxc6 Rd2 42. Rc5 Kg6 43. f5+ Kh7 44. Rc7 Kg8 45. Rc8+ Kh7
46. Rd8 Rc2 47. Rd7 Kg8 48. Rd8+ Kh7 49. Rd7 1/2-1/2

[Event "79th Tata Steel GpA"]
[Site "Wijk aan Zee NED"]
[Date "2017.01.15"]
[Round "2"]
[White "Carlsen, M."]
[Black "Wojtaszek, R."]
[Result "1-0"]
[WhiteElo "2840"]
[BlackElo "2750"]
[Annotator "Alex Yermolinsky"]
[PlyCount "87"]
[EventDate "2017.??.??"]

{Some experts believe that Rado must be a tough opponent for Magnus. Part of
it is Wojtaszek's experience as Vishy Anand's primary opening theory
specialist during his preparation for the World Championship matches, which we
assume included their going over every game Carlsen ever played. There's also
a memorable upset win Radoslaw scored two years ago on the same stage at the
2015 Tata Steel tournament.} 1. e4 c5 2. Nf3 d6 3. d4 cxd4 4. Nxd4 Nf6 5. Nc3
a6 6. a3 $5 {Just like that Carlsen goes off the theoretical path as early as
on Move 6, repeating Karjakin's experiment from round one. We can safely
assume Wojtaszek was not prepared to face it.} e5 {It is largely a matter of
taste. Rado goes the Najdorf way,} ({while some of us would prefer the
Scheveningen Variation after} 6... e6 7. f4 Nc6 8. Nf3) 7. Nf5 ({Much more
common is} 7. Nf3 {if the word "common" can be applied to the 6.a3 line at all.
Russian GM Dvoyris played it a couple of times, and there also was a recent
blitz game Harikrishna-Giri. All in all, the white pawn on a3 does not look
out of place, and a tempo spend on that move is the same tempo White often
loses by stopping over on e3 with his DSB on its way to g5.}) 7... d5 8. Bg5 d4
9. Bxf6 Qxf6 $2 {I ablosutely loathe this move. In the name of preserving his
pawn structure intact Black invites another White knight to come up to the
center of the board.} (9... gxf6 10. Ne2 Qb6 ({or} 10... Qa5+ 11. Qd2 Qxd2+ 12.
Kxd2 Be6) 11. Rb1 (11. b4 a5 $132) 11... Be6 12. Qc1 Nd7 {has to be absolutely
fine for Black.}) 10. Nd5 Qd8 11. Qg4 $1 {Carlsen immediately hits on the
right idea.} Bxf5 ({The point was to answer} 11... g6 {with} 12. Qg3 Nc6 13.
Nxd4 $1) 12. Qxf5 {Already here it became painfully clear that White will win
this game. Magnus always wins when he can get his pieces to safe squares, and
the opponent doesn't have any dynamic possibilities.} Bd6 13. h4 $5 Nc6 14. Bc4
b5 15. Bb3 Ne7 16. Qg4 O-O 17. Rh3 Nxd5 18. Bxd5 Ra7 19. Rg3 Qf6 20. a4 {
This move indicates Magnus's desire to open a second front. He must have felt
his K-side intiative alone wouldn't be enough.} Bb4+ $2 {And Wojtaszek just
plays along!} (20... b4 {had to be the right move simply because it does not
accommodate the opponent's intentions.}) 21. Kf1 bxa4 22. Rxa4 a5 23. Ra1 Rc7
24. Bb3 Ra8 25. Kg1 Bf8 26. Qh5 g6 27. Qg4 Ra6 28. h5 Qf4 29. Qe2 Qf6 30. Qb5
Qc6 $4 ({I don't see anything wrong with.} 30... Rc5) 31. Qxe5 Re7 32. Qf4 a4
33. Bd5 Qc7 34. Qd2 Qb6 35. Ra2 Rc7 36. Rf3 Qb4 37. Qe2 Rb6 38. hxg6 hxg6 39.
g3 Kg7 40. Kg2 Rd7 41. Qd1 Rf6 42. Rxf6 Kxf6 43. c3 dxc3 44. Rxa4 {We have
seen enough games like this. What are these guys thinking playing passively
against Magnus Carlsen?} 1-0

[Event "79th Tata Steel GpA"]
[Site "Wijk aan Zee NED"]
[Date "2017.01.15"]
[Round "2"]
[White "Van Wely, L."]
[Black "Eljanov, P."]
[Result "0-1"]
[WhiteElo "2695"]
[BlackElo "2755"]
[Annotator "Alex Yermolinsky"]
[PlyCount "88"]
[EventDate "2017.??.??"]

1. d4 Nf6 2. c4 e6 3. Nf3 b6 4. g3 Bb4+ 5. Bd2 Be7 6. Nc3 Bb7 7. Bg2 c6 {
This line is popularized by GM Tiviakov.} 8. O-O d5 9. Bf4 {Loek must have
considered this option in his home prep.} (9. Qb3 O-O 10. Rfd1 Nbd7 11. Rac1 {
was Ding Liren-Eljanov, Tata Steel 2016}) 9... dxc4 10. Ne5 Nd5 11. Nxc4 Nxf4
12. gxf4 {White got his pawn back and keeps a better center. Nonetheless his
position is compromised by the gxf4 recapture.} Nd7 13. e3 O-O 14. Rc1 Rc8 15.
Qb3 Rc7 16. Rfd1 Nf6 17. Ne5 Nd5 18. Ne4 f6 {Eljanov begins to evict White's
knights, but his real intention is to play g7-g5!} 19. Nd3 f5 20. Nd2 ({
I'd prefer a safer approach with} 20. Nc3 Bd6 21. Ne5 g5 22. Nxd5 cxd5 (22...
exd5 23. Nxc6 Bxc6 24. Rxc6) 23. Rxc7 Bxc7 {At least White gets to trade some
pieces.}) 20... Kh8 (20... g5 21. fxg5 Bxg5 22. Nf3 Kh8 23. Kh1 Rg8 24. Rg1 Bf6
25. Nfe5 c5 {It seems to be the black king is relatively safe on h8, while his
white counterpart is nervously anticipating hard times after Rxg2! With
careful play White may be able to avoid the worst:} 26. dxc5 bxc5 27. Bf3) 21.
Kh1 c5 22. dxc5 Bxc5 23. Nf3 Qa8 24. Nde5 Nf6 25. Kg1 (25. Qxe6 {loses on the
spot to} Ng4 26. Kg1 Nxe5) 25... Bd5 26. Qa4 Bd6 27. Rxc7 Bxc7 28. Ne1 Bxe5 29.
fxe5 Ne4 30. Rd4 {This appears artificial.} (30. Rc1 Qb7 31. Qc2 Ng5 32. f4 $15
) 30... Rc8 31. Nd3 h6 32. h4 {White needed to create luft for his king in
order to prepare his intended Nd3-f4, but the price of weakening the K-side is
too steep.} Kh7 33. Nf4 $2 (33. Qd7 {This opportunity was always there, but
Loek neglected it even when he needed it the most. I can't believe he was
concerned with} Bxa2 $6 {We don't care for such nonsense:} 34. Bxe4 fxe4 35.
Nf4 {etc.}) 33... Rc1+ 34. Kh2 Qd8 35. Nh3 (35. Kh3 {was the only try, but who
wants to give a pawn with check?}) 35... Qxh4 36. Qe8 Rc4 37. Rxd5 exd5 38. Qf7
Qg4 39. e6 Ng5 40. Nxg5+ Qxg5 41. Bh3 Rh4 42. f3 f4 43. exf4 Rxf4 44. Qc7 Rc4 {
Pavel is at 2/2 at the start!} 0-1

[Event "79th Tata Steel Chess 2017-Masters"]
[Site "Wijk aan Zee"]
[Date "2017.01.15"]
[Round "2"]
[White "Harikrishna, Pentala"]
[Black "Adhiban, Baskaran"]
[Result "1-0"]
[WhiteElo "2766"]
[BlackElo "2653"]
[Annotator "Sagar Shah"]
[PlyCount "85"]
[EventDate "2017.??.??"]
[TimeControl "60"]

1. e4 {[%emt 0:00:00]} e5 {[%emt 0:00:05]} 2. Nf3 {[%emt 0:00:00]} Nc6 {
[%emt 0:00:04]} 3. Bb5 {6 This time Harikrishna chooses the Ruy Lopez over
Guioco Piano. The latter he used successfully to beat Sergey Karjakin at the
Olympiad.} a6 {[%emt 0:00:05]} 4. Ba4 {[%emt 0:00:06]} Nf6 {[%emt 0:00:04]} 5.
O-O {[%emt 0:00:29]} b5 {[%emt 0:00:08]} 6. Bb3 {[%emt 0:00:09]} Bc5 $5 {
1 The Arkhangelsk Variation of the Ruy Lopez which is much more active than
the closed Ruy Lopez, but also riskier.} 7. c3 {326} d6 {[%emt 0:00:05]} 8. d4
{[%emt 0:00:21]} Bb6 {[%emt 0:00:06]} 9. Be3 {236} O-O {[%emt 0:00:09]} (9...
Nxe4 10. Bd5 $18) 10. h3 {86} (10. Nbd2 {is more common.}) 10... exd4 {666
Adhiban has already played this before against Kuzubov in 2011, but he thought
for 11 minutes which means that he wasn't expecting this line.} 11. cxd4 {
[%emt 0:00:23]} Nxe4 {11 Seeing that nothing is wrong with grabbing the pawn,
Adhiban goes ahead.} 12. Bd5 {618 Harikrishna also thought for 10 minutes
recollecting his lines.} Qe8 $1 {[%emt 0:00:05]} 13. Qc2 {[%emt 0:00:28]} Nb4 {
[%emt 0:00:19]} 14. Qxe4 {[%emt 0:00:12]} Qxe4 {[%emt 0:00:03]} 15. Bxe4 {
[%emt 0:00:10]} d5 {2 And the bishop is trapped in a very novel manner.} 16.
Bxh7+ {122} Kxh7 {2 Overall it would seem that the central e4 pawn is much
more important than the h7 pawn. And this is true. Black has a very
comfortable position. But it's a complex middlegame, so both sides have to
play accurately.} 17. Nc3 {175} c6 {1426 23 minutes for the move c6. Adhiban
would have surely been looking at ...Nc2 options. Finally he didn't like them
and continued with this little pawn move.} (17... Nc2 18. Rac1 Nxe3 19. fxe3
Bb7 20. Ne5 {Somehow I feel that the bishops are a tad too passive.}) 18. Rad1
{1329} a5 {1273} 19. a3 {576} Nc2 {345} 20. Rd2 {386} Nxe3 {353} 21. fxe3 {
10 The computers like Black's position because of the bishop pair. Objectively
the position is equal. But with all these imbalances, the situation is rich
and the better player has chances to outplay his opponent.} f6 {188} 22. Rc1 {
[%emt 0:00:26]} Bd7 {[%emt 0:00:53]} 23. Kf2 {117 Hari just makes normal,
natural moves, not worrying about what he is trying to achieve in the position.
If his pieces are on good squares something will turn up. That being said
Adhiban has nothing to worry. His position is at least equal, maybe even
slightly better.} Rae8 {[%emt 0:00:24]} 24. Ne2 {230} Re7 {116} (24... g5 $5
$15) 25. Nf4 {[%emt 0:00:45]} Rfe8 {291} (25... g5 26. Nd3 Kg7 27. Nc5 Bf5 $15)
26. Re2 {159} g5 {[%emt 0:00:27]} 27. Nd3 {[%emt 0:00:25]} Kg7 {134} 28. Nc5 {
601} Bf5 {[%emt 0:00:22]} 29. Ree1 {459} Kg6 {335} (29... Rh8 $1 {Makes sense
in order to prevent g4.} 30. g4 Bc8 {The h3 pawn is weak.} 31. Rh1 Bxc5 $1 32.
dxc5 (32. Rxc5 Bxg4 $15) 32... Kg6 33. Nd4 Bd7 $11 {Black doesn't have any
reali problems.}) 30. Nd2 {128} (30. g4 Bc8 31. h4 $5 Bxg4 32. hxg5 Bxf3 33.
gxf6 Rh7 34. Kxf3 $11) 30... Kg7 {75} 31. Nf3 {98} Kg6 {165 Adhiban must have
felt that Hari would be fine with a draw. After all it's not so easy to make
progress. But Harikrishna fights on.} 32. g4 {180} Bc8 {[%emt 0:00:32]} 33. Nd3
{[%emt 0:00:06]} Bd7 {285} (33... Rc7 $5 {makes sense in order to take on g4
when h4 is played.}) 34. h4 $1 {84 Very alert.} gxh4 {279} 35. Nxh4+ {249} Kg5
{204 The king has to move in. But as we already know, the knight are tricky
creatures. Hence, Black must remain careful.} (35... Kh7 36. Nf5 Bxf5 37. gxf5
Rc7 38. Rh1+ Kg7 39. Rcg1+ $19) 36. Nf3+ {101} Kxg4 {157 Good or bad, this
pawn had to taken.} (36... Kg6 37. g5 $1 fxg5 38. Nde5+ Kf5 39. Rg1 $16) 37.
Rh1 $1 {230 The black king is beginning to feel uncomfortable. Two knights and
two rooks are trying to trap it.} Kf5 {225 Adhiban's king makes a dash.} 38.
Rh5+ {[%emt 0:00:46]} Ke6 {[%emt 0:00:31]} (38... Kg6 39. Nf4+ Kf7 40. Rg1 $16)
39. Rh6 {299} Kf5 $2 {250} (39... Kf7 40. Nf4 (40. Rg1 Bf5 $19) 40... Rg8 41.
Nh5 Rg6 42. Rh7+ Kf8 43. Rh8+ Kf7 $11) 40. Nh4+ {[%emt 0:00:00]} Kg5 {138} (
40... Ke4 41. Rc3 $1 {The threat now is to take on f6.} (41. Ke2 $5 Bxd4 $1 42.
Nf2+ Ke5 43. Nf3+ Kd6 44. Nxd4 Rxe3+ 45. Kd2 $16) 41... Rf7 42. Rh5 {Nf3-d2
looks deadly.} Bg4 43. Kf1 $1 Kxe3 44. Nf2+ Kd2 45. Nxg4 $18) (40... Ke6 41.
Nf4+ Kd6 42. Rxf6+ Kc7 43. Nxd5+ $18) 41. Rg6+ {84} Kxh4 {[%emt 0:00:29]} 42.
Rh1+ {[%emt 0:00:09]} Bh3 {[%emt 0:00:04]} 43. Rg3 {10 Not often do you see
the Lawnmower's mate at such a high level! A very interesting game where
Harikrishna showed that practically he is a stronger player.} 1-0